Phát triển tư duy sáng tạo cho học sinh Tiểu học trong hoạt động lắp ghép mô hình kĩ thuật môn Kĩ thuật lớp 4, 5

Lí luận và thực tiễn liên quan đến việc dạy - học phát triển tư duy sáng tạo cho học sinh trong hoạt động lắp mô hình kĩ thuật môn Kĩ thuật lớp 4, 5. Nội dung, chương trình, các phương pháp dạy học lắp ghép mô hình kĩ thuật môn Kĩ thuật lớp 4, 5. Thiết kế một số bài dạy trong nội dung lắp ghép mô hì...

תיאור מלא

שמור ב:
מידע ביבליוגרפי
מחבר ראשי: Phan Thị Thủy
מחברים אחרים: Trần Thị Kim Cúc Th.S (Hướng dẫn)
פורמט: ספר
שפה:Vietnamese
יצא לאור: Đà Nẵng Đại học Sư phạm, Đại học Đà Nẵng 2012
נושאים:
תגים: הוספת תג
אין תגיות, היה/י הראשונ/ה לתייג את הרשומה!
Thư viện lưu trữ: Mạng thư viện Đại học Đà Nẵng
LEADER 02004nam a2200325 4500
001 000016800
003 13209
005 20121227101224.0
008 121227s2012 viesd
041 0 |a vie 
082 |a 372.5  |b PH-T 
100 1 |a Phan Thị Thủy 
245 0 |a Phát triển tư duy sáng tạo cho học sinh Tiểu học trong hoạt động lắp ghép mô hình kĩ thuật môn Kĩ thuật lớp 4, 5  |c Phan Thị Thủy 
260 |a Đà Nẵng  |b Đại học Sư phạm, Đại học Đà Nẵng  |c 2012 
300 |a 65 tr., phụ lục 15 tr.  |b Hình ảnh  |c 29 cm.  |e Đĩa CD, tài liệu tóm tắt 
500 |a Khóa luận tốt nghiệp đại học. Chuyên ngành: Sư phạm Tiểu học 
504 |a Mục lục đầu trang, tài liệu tham khảo tr. 73 - 74, phụ lục [13 tr.] 
520 |a Lí luận và thực tiễn liên quan đến việc dạy - học phát triển tư duy sáng tạo cho học sinh trong hoạt động lắp mô hình kĩ thuật môn Kĩ thuật lớp 4, 5. Nội dung, chương trình, các phương pháp dạy học lắp ghép mô hình kĩ thuật môn Kĩ thuật lớp 4, 5. Thiết kế một số bài dạy trong nội dung lắp ghép mô hình kĩ thuật môn Kĩ thuật lớp 4, 5 và tìm hiểu thực nghiệm sư phạm để tìm hiểu khả năng phát triển tư duy sáng tạo cho hoc sinh lớp 4, 5. Một số biện pháp dạy học nhằm phát triển tư duy sáng tạo cho học sinh trong nội dung lắp ghép mô hình kĩ thuật môn Kĩ thuật lớp 4, 5. 
650 |a Khóa luận tốt nghiệp đại học 
650 |a Giáo dục chính trị 
653 |a Khoa Tiểu học Mầm Non 
700 |a Trần Thị Kim Cúc  |c Th.S  |e Hướng dẫn 
OWN |a LSP 
999 |a From the UDN01 
TYP |a Monograph 
TYP |a Printed language 
980 |a Mạng thư viện Đại học Đà Nẵng